| 000 | 00490nam a22001937a 4500 | ||
|---|---|---|---|
| 005 | 20260604120543.0 | ||
| 008 | 260604b |||||||| |||| 00| 0 eng d | ||
| 020 |
_a9789353163303 _c1010.00 |
||
| 040 | _aMAIN | ||
| 041 | _aEnglish | ||
| 082 |
_a005.82 _bKAH |
||
| 100 |
_aKahate, Atul _92904 |
||
| 245 | _aCryptography And Network Security | ||
| 250 | _a4th | ||
| 260 |
_aChennai _bMcGraw Hill Education _c2025 |
||
| 300 | _a456 | ||
| 650 |
_aCommerce (PM USHA) _926705 |
||
| 942 | _cBK | ||
| 999 |
_c60996 _d60996 |
||